00577 2200229 4500001002100000005001500021035002000036245006900056100002700125250000700152300003200159260003600191082001200227084001800239020001800257600002700275990000900302990000900311990000900320990000900329990000900338INLIS00000000000004520251020093043 a0010-10250000311 aPedoman Budidaya Beternak Ikan Bandeng /cTim Karya Tani Mandiri0 aTim Karya Tani Mandiri a1. aviii + 144 hlm. ;c19,5 cm. aBandung :bNuansa Aulia,c2010. a639.375 a639.375 TIM p a9789790710672 4aTim Karya Tani Mandiri a1662 a1663 a1664 a1665 a1666